000 01005 a2200241 4500
003 NUST
005 20230127144257.0
010 _a 78066987
020 _a8130706202
040 _cNust
082 0 0 _a907.219,BEN
100 1 _aBennett, James D.
_97422
245 1 0 _aWriting history papers :
_ban introduction /
_cJames D. Bennett, Lowell H. Harrison.
260 _aNew delhi
_bcosmo
_cc2007
300 _a64 p. ;
_c29 cm.
490 0 _aThe Forum series
505 _aIntroduction (Page-5), Selecting a Topic (Page-7), Bibliographical Aids (Page-9), Note Taking (Page-19), Writing your Paper (Page-23), Mechanics of Term Papers (Page-29), Footnotes (Page-37), Bibliography (Page-45), Exercises (Page-57), Index (Page-63).
650 0 _aAcademic writing
_xHandbooks, manuals, etc.
_97423
650 0 _aHistoriography
_xHandbooks, manuals, etc.
_97424
650 0 _aHistory
_xResearch
_xHandbooks, manuals, etc.
_97425
700 1 _aHarrison, Lowell Hayes,
_d1922-
_97426
942 _2ddc
_cBK
_k907.219,BEN
999 _c186180
_d186180